{"text_format":"3","workbook":"xlsx","n_sheets":1,"sheets":["Лист3"],"read":"whole","date_system":"1900"}

{"sheet":"Лист3","index":0,"n_rows":40,"n_cols":39,"rows_kept":40,"merged":[[1,1,1,2],[1,19,1,20],[2,0,8,0],[9,0,14,0],[15,0,21,0],[22,0,27,0],[28,0,33,0],[34,0,39,0],[43,1,43,2],[83,1,83,2]]}
["Утверждено  Директор ___________И.И.Фахрутдинов                       Согласовано Председатель профкома_______Г.И.Бадрутдинова",{"$nulls":10},"С.М. Тимуршина",{"$nulls":11},"Расписание на 2024-2025 учебный год"]
["Дни","Время",null,1,"каб","2а","каб","2б","каб","3а","каб","3б","каб",4,"каб","5а","каб","5б","каб","Время",null,"6а","каб","6б","каб",7,"каб","8а","каб","8б","каб",9,"каб","10а","каб","10б","каб",11,"каб"]
["понидельник","08:30:00","09:15:00","Классный час",28,"Классный час",13,"Классный час",17,"Классный час",15,"Классный час",16,"Классный час",12,"Классный час","М5","Классный час",8,"08:30:00","09:15:00","Классный час",3,"Классный час",1,"Классный час",5,"Классный час",11,"Классный час",4,"Классный час",6,"Классный час","М2","Классный час",9,"Классный час",2]
[null,"09:25:00","10:10:00","Математика",28,"Русский язык",13,"Окружающий мир",17,"Литературное чтение",15,"Русский язык",16,"Математика",12,"Английский язык","М5","ОДНКНР",8,"09:25:00","10:10:00","Русский язык",3,"Родной язык",1,"Физическая культура","С.з.","Английский язык",11,"Алгебра",2,"География",6,"Алгебра","М2","Русский язык",9,"Учебный курс по химии ",4]
[null,"10:20:00","11:05:00","Литературное чтение",28,"Математика",13,"Математика",17,"Математика",15,"Математика",16,"Физическая культура","С.з.","Математика","М5","Английский язык",8,"10:20:00","11:05:00","Литература",3,"Математика",1,"Алгебра",5,"Физическая культура","С.з.","Родной язык",6,"Химия",4,"Обществознание","М2","Литература",9,"Алгебра",2]
[null,"11:15:00","12:00:00","Русский язык",28,"Физическая культура","С.з.","Русский язык",17,"Русский язык",15,"Литературное чтение",16,"Русский язык",12,"Английский язык","М5","Математика",8,"11:15:00","12:00:00","Математика",3,"Английский язык",1,"Русский язык",5,"Русский язык",11,"Химия",4,"Алгебра",6,"Родной язык","М2","Обществознание",9,"История",2]
[null,"12:10:00","12:55:00","Физическая культура","С.з.","Родной язык",13,"Физическая культура","С.з.","Труд (технология)",15,"Окружающий мир",16,"Труд (технология)",12,"Музыка","М5","Английский язык",8,"12:10:00","12:55:00","ИЗО",3,"Русский язык",1,"Литература",5,"Алгебра",11,"Физическая культура","С.з.","Английский язык",6,"Родная литература","М2","Алгебра",9,"Биология",2]
[null,"13:05:00","13:50:00",{"$nulls":12},"Английский язык","М5","Учебный кур по математике",8,"13:05:00","13:50:00","Физическая культура","С.з.","Биология",1,"ИЗО",5,"География",11,"Русский язык",4,"Русский язык",6,"История","М2","Вероятность и статистика",9,"Английский язык",2]
[null,"14:00:00",{"$nulls":13},"Труд (технология)","М1М4","Английский язык",8,"14:00:00","14:45:00",{"$nulls":4},"Английский язык",2,"Мир профессии",11,"Литература",4,"Литература",6,"Учебный курс по физической культуре","С.з.","Учебный курс по физической культуре","С.з.","Информатика",5]
["вторник"," 8:15","09:00:00","Литературное чтение",28,"Русский язык",13,"Русский язык",17,"Окружающий мир",15,"Математика",16,"Русский язык",12,"Физическая культура","С.з.","Физическая культура","С.з.","08:30:00","09:15:00","Математика",3,"История",1,"Русский язык",5,"Геометрия",11,"Русский язык","М2","Обществознание",6,"Химия",4,"Родной язык",9,"Геометрия",2]
[null,"09:05:00","09:50:00","Русский язык",28,"Английский язык",13,"Математика",17,"Русский язык",15,"Русский язык",16,"Математика",12,"Математика","М5","Родной язык",8,"09:25:00","10:10:00","Родной язык",3,"Математика",1,"Геометрия",5,"Литература",11,"История",9,"Русский язык",6,"Геометрия","М2","Химия ",4,"Основы безопасности и защиты Родины",2]
[null,"10:00:00","10:45:00","Математика",28,"Окружающий мир",13,"Английский язык",17,"Литературное чтение",15,"Физическая культура","С.з.","Музыка",12,"Русский язык","М5","Русский язык",8,"10:20:00","11:05:00","Родная литература",3,"Русский язык",1,"История",5,"Химия",4,"Геометрия",11,"Геометрия",6,"Английский язык","М2","Основы безопасности и защиты Родины",9,"Физика",2]
[null,"10:55:00","11:40:00","Окружающий мир",28,"Математика",13,"Литературное чтение",17,"Физическая культура","С.з.","Родной язык",16,"Литературное чтение",12,"Литература","М5","Математика",8,"11:15:00","12:00:00","Русский язык",3,"Труд (технология)","М1М4","Учебный курс по физической культуре","С.з.","История",11,"Вероятность и статистика",4,"Вероятность и статистика",6,"Вероятность и статистика","М2","География",9,"Биология",2]
[null,"11:50:00","12:35:00","труд (технология)",28,"Литературное чтение",13,"Музыка",17,"Родной язык",15,null,null,"Физическая культура","С.з.","Труд (технология)","М1М4","Литература",8,"12:10:00","12:55:00","История",3,"Литература",1,"Родной язык",5,"Физика",2,"Физическая культура","С.з.","Биология",6,"Русский язык","М2","Геометрия",9,"Английский язык",11]
[{"$nulls":19},"13:05:00","13:50:00","Биология",3,"Физическая культура","С.з.","Родная литература",5,"Основы безопасности и защиты Родины",11,"Английский язык",4,"Физика",2,"Литература","М2","История",9,"Литература",6]
["среда","08:30:00","09:15:00","Литературное чтение на родном языке",28,"ИЗО",13,"Русский язык",17,"Математика",15,"Русский язык",16,"Математика",12,"Русский язык","М5","Родной язык",8,"08:30:00","09:15:00","Русский язык",3,"Математика",1,"Вероятность и статистика",5,"Алгебра",11,"Обществознание",6,"Химия",4,"Алгебра","М2","Английский язык",9,"Учебный курс по обществознанию",2]
[null,"09:25:00","10:10:00","Родной язык",28,"Физическая культура","С.з.","ИЗО",17,"Музыка",15,"Математика",16,"Литературное чтение",12,"Математика","М5","Родная литература",8,"09:25:00","10:10:00","Математика",3,"Русский язык",1,"Физическая культура","С.з.","Биология",11,"Основы безопасности и защиты Родины",4,"История",6,"Обществознание","М2","Русский язык",9,"Алгебра",2]
[null,"10:20:00","11:05:00","Русский язык",28,"Русский язык",13,"Математика",17,"Русский язык",15,"Физическая культура","С.з.","Русский язык",12,"Биология","М5","Русский язык",8,"10:20:00","11:05:00","Обществознание",3,"Родной язык",1,"Английский язык",5,"Русский язык",11,"География",4,"Литература",6,"Геометрия","М2","Алгебра",9,"Физическая культура","с.з"]
[null,"10:55:00","11:40:00","Музыка",28,"Математика",13,"Родной язык",17,"Физическая культура","С.з.","Литературное чтение",16,"Окружающий мир",12,"География","М5","Математика",8,"11:15:00","12:00:00","Труд (технология)","М1М4","Родная литература",1,"Алгебра",5,"Физическая культура","С.з.","Английский язык",4,"Алгебра",6,"История","М2","Физика",2,"Русский язык ",9]
[null,"11:50:00","12:35:00",null,null,"Литературное чтение",13,"Литературное чтение",17,"Литературное чтение на родном языке",15,"Окружающий мир",16,"ИЗО",12,"Физическая культура","С.з.","Физическая культура","С.з.","12:10:00","12:55:00","Английский язык",3,"ОДНКНР",1,"Музыка",5,"Вероятность и статистика",11,"Алгебра",4,"Родной язык",6,"Биология","М2","Обществознание",9,"Литература",2]
[{"$nulls":15},"Учебный курс по математике","М5","Труд (технология)","М1М4","13:05:00","13:50:00","География",3,"Музыка",1,"История",5,"Английский язык",11,"Русский язык",4,"Родная литература",6,"Физическая культура","С.з.","Физическая культура","С.з.","Обществознание",2]
[{"$nulls":19},"14:00:00","14:45:00",{"$nulls":12},"Основы безопасности и защиты Родины","М4","биология",9,"Учебный курс по русскому языку",2]
["четверг","08:15:00","09:00:00","Литературное чтение",28,"Русский язык",13,"Английский язык",17,"Русский язык",15,"Математика",16,"Русский язык",12,"Русский язык","М5","Биология",8,"08:30:00","09:15:00","Русский язык",3,"Физическая культура","С.з.","Алгебра",5,"Алгебра",11,"Английский язык",4,"Алгебра",6,"Алгебра","М2","Родной язык",9,"История",2]
[null,"09:05:00","09:50:00","Русский язык",28,"Английский язык",13,"Физическая культура","С.з.","Математика",15,"Музыка",16,"Литературное чтение",12,"Математика","М5","Русский язык",8,"09:25:00","10:10:00","Литература",3,"Математика",1,"Физика",2,"Музыка",11,"Алгебра",4,"Русский язык",6,"Обществознание","М2","Родная литература",9,"География",5]
[null,"10:00:00","10:45:00","Математика",28,"Окружающий мир",13,"Математика",17,"Литературное чтение ",15,"Физическая культура","С.з.","ОРКСЭ",12,"Литература","М5","Литература",8,"10:20:00","11:05:00","Математика",3,"Русский язык",1,"Труд (технология)","М1М4","Родная литература",11,"Химия",4,"Английский язык",6,"География","М2","Обществознание",9,"Алгебра",2]
[null,"10:55:00","11:40:00","ИЗО",28,"Литературное чтение",13,"Окружающий мир",17,"Физическая культура","С.з.","Литературное чтение",16,"Родной язык",12,"История","М5","Математика",8,"11:15:00","12:00:00","Физическая культура","С.з.","Литература",1,"Русский язык",5,"Родной язык",11,"Музыка","М2","Основы безопасности и защиты Родины",6,"Физика",2,"Алгебра",9,"Химия",4]
[null,"11:50:00","12:35:00",{"$nulls":12},"Учебный курс по физической культуре","С.з.","учебный курс по физической культуре","С.з.","12:10:00","12:55:00","Английский язык",3,"Труд (технология)","М1М4","География",5,"Химия",4,"Физика",2,"Учебный курс по истории ",6,"Литература","М2","Геометрия",9,"Русский язык ",11]
[{"$nulls":19},"13:05:00","13:50:00","Труд (технология)","М1М4","Обществознание",1,"Информатика",5,"Русский язык",11,"Мир профессии",4,"Физическая культура","С.з.","Английский язык","М2","Литература",9,"Учебный курс по алгебре",2]
["пятница","08:15:00","09:00:00","Русский язык",28,"Русский язык ",13,"Литературное чтение",17,"Математика",15,"ИЗО",16,"Математика",12,"ОДНКНР","М5","Русский язык",8,"08:30:00","09:15:00","Музыка",3,"География",1,"Родной язык",5,"Геометрия",11,"Геометрия",4,"Литература",6,"Алгебра","М2","Английский язык",9,"Физическая культура","с.з"]
[null,"09:05:00","09:50:00","Окружающий мир",28,"Математика",13,"Русский язык",17,"ИЗО",15,"Русский язык",16,"Литературное чтение",12,"Математика","М5","История",8,"09:25:00","10:10:00","Родной язык",3,"Русский язык",1,"Геометрия",5,"Обществознание",11,"Биология",4,"Геометрия",6,"Учебный курс по физической культуре","С.з.","Учебный курс по физической культуре","С.з.","Вероятность и статистика",2]
[null,"10:00:00","10:45:00","Математика",28,"Физическая культура","С.з.","Литературное чтение на родном языке",17,"Русский язык",15,"Родной язык",16,"Русский язык",12,"Родной язык","М5","Труд (технология)","М1М4","10:20:00","11:05:00","Математика",3,"Математика",1,"Литература",5,"Английский язык",11,"Учебный курс по физической культуре","С.з.","История",6,"Геометрия","М2","Обществознание",9,"Родной язык",2]
[null,"10:55:00","11:40:00","Физическая культура","С.з.","Музыка",13,"Физическая культура","С.з.","Окружающий мир",15,"Литературное чтение на родном языке",16,"Литературное чтение на родном языке",12,"Родная литература","М5","Математика",8,"11:15:00","12:00:00","История",3,"Английский язык",1,"Труд (технология)","М1М4","География",11,"Литература",4,"Физика",2,"Русский язык","М2","Алгебра",9,"Родная литература",6]
[{"$nulls":15},"Русский язык","М5","Музыка",8,"12:10:00","12:55:00","Русский язык",3,"ИЗО",1,"Английский язык",5,"Биология",11,"География",4,"Родной язык",6,"Обществознание","М2","Геометрия",9,"Физика",2]
[{"$nulls":19},"13:05:00","13:50:00",{"$nulls":4},"География",4,"Учебный курс по физической культуры","С.з.","Информатика",5,"Биология",6,"Английский язык","М2","История",9,"Учебный курс по физике",2]
["суббота","08:15:00","09:00:00",null,null,"Литературное чтение на родном языке",13,"Родной язык",17,null,null,"Английский язык",16,"Родной язык",12,"ИЗО","М5","Русский язык",8,"08:30:00","09:15:00","Русский язык",3,"Учебный курс по физической культуре","С.з.","Физика",2,"Информатика",5,"Родной язык",4,"География",6,"Индивидуальный проект","М2","Литература",9,"Учебный курс по ОБИЗР",11]
[null,"09:05:00","09:50:00",null,null,"Родной язык",13,"Русский язык",17,null,null,"Английский язык",16,"Окружающий мир",12,"Литература","М5","Литература",8,"09:25:00","10:10:00","ОДНКНР",3,"Русский язык",1,"Обществознание",5,"Физика",2,"Родная литература",4,"Труд (технология)","М4    М1","Информатика",5,"Индивидуальный проект",9,"Английский язык",11]
[null,"10:00:00","10:45:00",null,null,"Литературное чтение ",13,"Литературное чтение",17,"Родной язык",15,"Труд (технология)",16,"Английский язык",12,"История","М5","ИЗО",8,"10:20:00","11:05:00","Литература",3,"История",1,"Учебный курс по географии",5,"Родной язык",11,"Физика",2,"Английский язык",6,"Литература","М2","Информатика",5,"Физическая культура","с.з"]
[null,"10:55:00","12:35:00",null,null,"Труд (технология)",13,"Труд (технология)",17,"Литературное чтение",15,"Литературное чтение",16,"Английский язык",12,"Русский язык","М5","История",8,"11:15:00","12:00:00","Английский язык",3,"Литература",1,"Биология",5,"Труд (технология)","М1М4","История",4,"Физическая культура","С.з.","Физика",2,"География",9,"Родной язык",11]
[null,"12:10:00","12:55:00",{"$nulls":6},"Английский язык",15,{"$nulls":4},"Родной язык","М5","География",8,"12:10:00","12:55:00","Физическая культура","С.з.","Английский язык",1,"Русский язык",6,"Литература",11,"Труд (технология)","М1М4","Информатика",5,"Родной язык","М2","Физика",2,"Обществознание",9]
[null,"13:05:00","13:50:00",{"$nulls":6},"Английский язык",15,{"$nulls":8},"13:05:00","13:50:00",{"$nulls":6},"История",11,"Биология",4,"Физика",2,"География","М2","Английский язык",9,"Литература",6]